LEADER 01244nam a2200301 i 4500 001 000000143213 003 CaOOAMICUS 005 20100928000000.0 008 100928s1987 it u000 u ita u 013 $a118571 020 $a88-15-01282-6 040 $aSeMil$bita 100 1 $aDunn, Judy.$0(OLS)http://semarc/name/57453 240 10$aSiblings.$0(OLS)http://semarc/title/209607 245 10$aFratelli :$baffetto, rivalità, comprensione /$cJudy Dunn, Carol Kendrick. 260 $aBologna :$bIl Mulino,$c1987. 300 $a316 p. ;$c22 cm. 490 0 $aStudi e ricerche ;$v222 500 $aContiene : appendici, riferimenti bibliografici. 650 4$aFratelli - Relazioni - Psicologia.$0(OLS)http://semarc/subject/28169 700 1 $aKendrick, Carol.$0(OLS)http://semarc/name/57454 830 0$aStudi e ricerche ;$v222.$0(OLS)http://semarc/title/6597 850 $aSeMil 852 $aSeMil$W1$xVenegono$y1$m2O IV 186$j96340$B96340$CSeMilBibl$Z2$F155027 $81 961 $aOmaggio: Altro 996 $6020$a88-15-01282-6$9(OLS)http://semarc/number/131643 996 $6245$aFratelli :$baffetto, rivalità, comprensione$9(OLS)http://semarc/title/209606 996 $6260$aBologna :$bIl Mulino$9(OLS)http://semarc/publisher/29842 LEADER 01192nam a2200241 i 4500 001 000000058791 003 CaOOAMICUS 005 20121025000000.0 008 121025s1969 xx u000 u spa u 013 $a29963 040 $aSeMil$bita 100 1 $aLas Casas, Bartolomé : de,$c.$0(OLS)http://semarc/name/29991 245 13$aDe Regia Potestate o Derecho de autodeterminacion /$cBartolomé de Las Casas ; edicion critica bilingue por Luciano Pereña ... [et al.]. 260 $aMadrid :$bConsejo Superior de Investigaciones Científicas,$c1969. 300 $aCLVII, 316 p. ;$c22 cm. 490 0 $aCorpus hispanorum de pace ;$vVolumen8. 650 4$aDiritto naturale.$0(OLS)http://semarc/subject/788 700 1 $aPereña, Luciano.$0(OLS)http://semarc/name/29992 830 0$aCorpus hispanorum de pace ;$vVolumen8.$0(OLS)http://semarc/title/36872 850 $aSeMil 852 $aSeMil$W1$xVenegono$y1$m2J II 131$j24944$B24944$CSeMilBibl$Z2$F24947 $81 996 $6245$aDe Regia Potestate o Derecho de autodeterminacion$9(OLS)http://semarc/title/91707 996 $6260$aMadrid :$bConsejo Superior de Investigaciones Científicas$9(OLS)http://semarc/publisher/35612